Estimates of Development Expenditure of the Government of Kenya (Record no. 870)

MARC details
000 -LEADER
fixed length control field 00370nam a22001097a 4500
008 - FIXED-LENGTH DATA ELEMENTS--GENERAL INFORMATION
fixed length control field 230609b xxu||||| |||| 00| 0 eng d
082 ## - DEWEY DECIMAL CLASSIFICATION NUMBER
Classification number 354.676
Item number GOK
110 ## - MAIN ENTRY--CORPORATE NAME
Subordinate unit Government of Kenya
245 ## - TITLE STATEMENT
Title Estimates of Development Expenditure of the Government of Kenya
Remainder of title For the Year Ending 30 Th June 2012
Statement of responsibility, etc. Volume II (Votes D20-D60)
Medium June, 2011
300 ## - PHYSICAL DESCRIPTION
Extent 790p
942 ## - ADDED ENTRY ELEMENTS (KOHA)
Source of classification or shelving scheme Dewey Decimal Classification
Koha item type Books
Holdings
Withdrawn status Lost status Source of classification or shelving scheme Damaged status Not for loan Home library Current library Date acquired Total Checkouts Full call number Barcode Date last seen Price effective from Koha item type
    Dewey Decimal Classification     Bunge Tower Library Bunge Tower Library 06/09/2023   354.676 GOK 1000700 06/09/2023 06/09/2023 Books
LIBRARY OPENING HOURS

When the Parliament is sitting: 8.00a.m - 7.00p.m or until the house adjourns
Mondays and Fridays and when the House is on Recess:  8.00a.m - 5.00p.m
Closed on Weekends and Public Holidays

Online Public Access Catalog (OPAC)
Website: http://www.parliament.go.ke
Bunge Library: https://libraryir.parliament.go.ke
Contact: library@parliament.go.ke | Tel no: (254-2)2221291 or 2848000 Ext 5043